Tribhuvan University Central Library

Hindu samskaras: (Record no. 61635)

MARC details
000 -LEADER
fixed length control field 00488 a2200181 4500
082 ## - DEWEY DECIMAL CLASSIFICATION NUMBER
Classification number 294.538
Item number P192h
100 ## - MAIN ENTRY--PERSONAL NAME
Personal name Pandey, Raj Bali
9 (RLIN) 24533
245 ## - TITLE STATEMENT
Title Hindu samskaras:
Remainder of title a socio-religious study of the Hindu sacraments
260 ## - PUBLICATION, DISTRIBUTION, ETC.
Place of publication, distribution, etc. Banaras
Name of publisher, distributor, etc. Vikrama Pub.
Date of publication, distribution, etc. 1949
300 ## - PHYSICAL DESCRIPTION
Extent xxvii,546p.
500 ## - GENERAL NOTE
General note Doctor of letters thesis
504 ## - BIBLIOGRAPHY, ETC. NOTE
Bibliography, etc. note P.495-518
650 ## - SUBJECT ADDED ENTRY--TOPICAL TERM
Topical term or geographic name entry element Hinduism
650 ## - SUBJECT ADDED ENTRY--TOPICAL TERM
Topical term or geographic name entry element Spiritual atmosphere
650 ## - SUBJECT ADDED ENTRY--TOPICAL TERM
Topical term or geographic name entry element Vedic period
653 ## - INDEX TERM--UNCONTROLLED
Uncontrolled term Religion
942 ## - ADDED ENTRY ELEMENTS (KOHA)
Source of classification or shelving scheme Dewey Decimal Classification
Koha item type General Collections
Holdings
Withdrawn status Lost status Source of classification or shelving scheme Damaged status Not for loan Home library Current library Date acquired Total Checkouts Full call number Barcode Date last seen Price effective from Koha item type Total Renewals Date last checked out
    Dewey Decimal Classification     Tribhuvan University Central Library Tribhuvan University Central Library 08/03/2011   294.538 P192h 26810 08/03/2011 08/03/2011 General Collections    
    Dewey Decimal Classification     Tribhuvan University Central Library Tribhuvan University Central Library 08/07/2011 7 294.538 P192h 26870 08/29/2019 08/07/2011 General Collections 1 05/05/2019